[Event "Olympiad"]
[Site "Moscow (Russia)"]
[Round "4"]
[White "Almasi Zoltan (HUN)"]
[Black "Magem Badals Jordi (ESP)"]
[Result "1/2-1/2"]
[WhiteElo "2620"]
[BlackElo "2520"]

1.e4 c6 2.d4 d5 3.Nc3 dxe4 4.Nxe4 Bf5 5.Ng3 Bg6 6.h4 h6 7.f4 e6 8.Nf3 Nd7 9.h5
Bh7 10.Bd3 Bxd3 11.Qxd3 Ngf6 12.Bd2 Qc7 13.O-O-O c5 14.Ne5 cxd4 15.Qxd4 Bc5
16.Qc4 Rc8 17.Nxd7 Nxd7 18.Ne4 O-O 19.Kb1 Be7 20.Qb3 Nc5 21.Nxc5 Bxc5 22.g4
Rfd8 23.g5 Qc6 24.Bc1 Bb6 25.gxh6 gxh6 26.Rhe1 Qc5 27.Rxd8+ Rxd8 28.Qh3 Kh7
29.b3 Ba5 30.Re5 Qg1 31.Qe3 Qxe3 32.Rxe3 Bb6 33.Rh3 Rd1 {#d} 1/2-1/2

[Event "Olympiad (w)"]
[Site "Moscow (Russia)"]
[Round "10"]
[White "Brustman Agnieszka (POL)"]
[Black "Ostry Irina (KGZ)"]
[Result "1-0"]
[WhiteElo "2345"]
[BlackElo "2197"]

1.e4 c6 2.d4 d5 3.Nd2 dxe4 4.Nxe4 Bf5 5.Ng3 Bg6 6.h4 h6 7.f4 e6 8.h5 Bh7 9.Nf3
Nd7 10.Bd3 Bxd3 11.Qxd3 Qc7 12.Bd2 O-O-O 13.Qe2 c5 14.Ne5 Nxe5 15.dxe5 Ne7
16.O-O-O Nc6 17.Be3 Be7 18.Ne4 Qa5 19.a3 Rxd1+ 20.Rxd1 Rd8 21.Rxd8+ Kxd8
22.Qf2 c4 23.Qe2 f5 24.exf6 gxf6 25.Kb1 b5 26.Nc5 Ke8 27.Nxe6 c3 28.Qf3 Nd8
29.Nxd8 Qxd8 30.Qc6+ Kf8 31.Qxc3 Qd1+ 32.Ka2 Qxh5 33.Bxa7 Qd5+ 34.Qb3 Qxg2
35.Qxb5 Qxc2 36.f5 h5 37.Be3 Qe4 38.Bh6+ Kf7 39.Qb3+ Ke8 40.Qb5+ Kf7 41.a4 h4
42.a5 h3 43.Qb3+ Ke8 44.Qxh3 Qa4+ 45.Kb1 Qxa5 46.Qh5+ Kd7 47.Qf3 Qc5 48.Be3
Qc4 49.Bd2 Ke8 50.Bc3 Qb3 51.Qa8+ Kd7 52.Qe4 Bd8 53.Kc1 Be7 54.Kd2 Qa2 55.Kc2
Bd8 56.Qb7+ Ke8 57.Qb5+ Kf8 58.Qb3 Qa6 59.Bb4+ Ke8 60.Qg8+ Kd7 61.Qf7+ Kc8
62.Qe6+ Qxe6 63.fxe6 Bc7 64.Bc3 f5 65.Kd3 Kd8 66.Bf6+ Ke8 67.Kd4 f4 68.b4 Bb6+
69.Ke4 Bc7 70.b5 Kf8 71.Bg5 {#r} 1-0

[Event "Ch Czech Chess Union (open)"]
[Site "Prague (Czech Republic)"]
[Round "4"]
[White "Stodola Jaroslav Sr (CZE)"]
[Black "Rous Frantisek (CZE)"]
[Result "1-0"]
[WhiteElo "2205"]
[BlackElo "2065"]

1.e4 c6 2.d4 d5 3.Nd2 dxe4 4.Nxe4 Bf5 5.Ng3 Bg6 6.h4 h6 7.f4 Nf6 8.Nf3 Nbd7
9.Bd3 Bxd3 10.Qxd3 e6 11.Bd2 Qc7 12.Ne5 Be7 13.O-O-O c5 14.f5 Nxe5 15.dxe5 c4
16.Qe2 Nd5 17.fxe6 O-O-O 18.exf7 c3 19.Be1 Qa5 20.Kb1 b5 21.Ne4 Bb4 22.Nd6+
Bxd6 23.Rxd5 {#r} 1-0

[Event "It (open) (juniors) (c)"]
[Site "Svetla nad Sazavou (Czech Republic)"]
[Round "0"]
[White "Strejc Josef (CZE)"]
[Black "Nadrchal Tomas (CZE)"]
[Result "1-0"]
[WhiteElo "2146"]
[BlackElo "2010"]

1.e4 c6 2.d4 d5 3.Nc3 dxe4 4.Nxe4 Bf5 5.Ng3 Bg6 6.h4 h6 7.f4 e6 8.Nf3 Nd7 9.h5
Bh7 10.Bd3 Bxd3 11.Qxd3 Bd6 12.Bd2 Qc7 13.Ne5 Ngf6 14.O-O-O Rf8 15.Ne4 Nxe4
16.Qxe4 Nf6 17.Qf3 O-O-O 18.Qg3 Ne4 19.Qe3 f5 20.Be1 Bxe5 21.fxe5 c5 22.Bh4
Rd5 23.Rhf1 Rf7 24.dxc5 Qxe5 25.c6 bxc6 26.Qa3 Rfd7 27.Rde1 Qd4 28.Qa6+ Kc7
29.Qe2 Nc3 30.Bg3+ Kb7 31.bxc3 Qa4 32.c4 Qa3+ 33.Kb1 Ka8 34.Rf3 Rb7+ 35.Rb3
Ra5 36.Qd3 Qxa2+ 37.Kc1 Rc5 38.Qd8+ {#r} 1-0

[Event "Ch World (juniors) (under 16)"]
[Site "Szeged (Hungary)"]
[Round "0"]
[White "Socko Bartosz (POL)"]
[Black "Doroshenko Maxim (MDA)"]
[Result "1-0"]
[WhiteElo "2628"]
[BlackElo "2321"]

1.e4 c6 2.d4 d5 3.Nd2 dxe4 4.Nxe4 Bf5 5.Ng3 Bg6 6.h4 h6 7.f4 Nf6 8.Nf3 Nbd7
9.h5 Bh7 10.Bd3 Bxd3 11.Qxd3 e6 12.Bd2 Qc7 13.O-O-O c5 14.Ne5 cxd4 15.Qxd4 Bc5
16.Qa4 O-O 17.Nxd7 Nxd7 18.Ne4 Nb6 19.Qb3 Bd4 20.Kb1 Rfd8 21.g3 Bc5 22.g4 Nd5
23.Nxc5 Qxc5 24.g5 Nxf4 25.gxh6 Nxh5 26.Qxb7 g6 27.Rdf1 Rf8 28.c4 Rab8 29.h7+
Kxh7 30.Qe4 f5 31.Qxe6 Qd4 32.Bc1 Rfe8 33.Qa6 f4 34.Ka1 f3 35.Rfg1 Qb6 36.Qa4
f2 37.Rxh5+ Kg7 38.Qd7+ Kf6 39.Bg5+ Ke5 40.Qd5# 1-0

[Event "It (open)"]
[Site "Zabrze (Poland)"]
[Round "0"]
[White "Madynski Pawel (POL)"]
[Black "Judycki Wieslaw (POL)"]
[Result "0-1"]
[WhiteElo "2128"]
[BlackElo "2130"]

1.e4 c6 2.d4 d5 3.Nd2 dxe4 4.Nxe4 Bf5 5.Ng3 Bg6 6.h4 h6 7.f4 e6 8.Nf3 Nd7 9.h5
Bh7 10.Bd3 Bxd3 11.Qxd3 Qc7 12.Bd2 Ngf6 13.O-O-O O-O-O 14.Qe2 Nb6 15.Rhe1 c5
16.dxc5 Bxc5 17.Ne5 Bd4 18.Bb4 Rd5 19.Kb1 Bxe5 20.fxe5 Rxd1+ 21.Rxd1 Nfd5
22.Bd6 Qc4 23.Qf2 f6 24.Rd4 Qc6 25.Rg4 fxe5 26.Bxe5 Rd8 27.Qe2 Ne3 28.Rd4 Rxd4
29.Bxd4 Nxg2 30.Bxg7 Nf4 31.Qf1 Nbd5 32.Be5 Ne3 33.Qf2 Nfd5 34.Bd4 Nc4 35.Qf8+
Kc7 36.Qxh6 Qd6 37.Qg7+ Kc6 38.Qg6 Kb5 39.Qe8+ Ka5 40.b3 Na3+ 41.Kb2 Nb5
42.Ne4 Qa3+ 43.Kb1 Nxd4 44.c4 Qb4 45.cxd5 Qe1+ 46.Kb2 Qe2+ 47.Kc3 Nb5+
48.Qxb5+ Kxb5 49.Kd4 {#R} 0-1

[Event "It (open)"]
[Site "Zalakaros (Hungary)"]
[Round "0"]
[White "Fogarasi Tibor (HUN)"]
[Black "Groszpeter Attila (HUN)"]
[Result "1/2-1/2"]
[WhiteElo "2445"]
[BlackElo "2520"]

1.e4 c6 2.d4 d5 3.Nc3 dxe4 4.Nxe4 Bf5 5.Ng3 Bg6 6.h4 h6 7.f4 e6 8.h5 Bh7 9.Nf3
Nd7 10.Bd3 Bxd3 11.Qxd3 Ngf6 12.Bd2 Qc7 13.O-O-O c5 14.Ne5 cxd4 15.Qxd4 Bc5
16.Qc4 Bb6 17.Qe2 O-O 18.Kb1 Rfc8 19.Bc1 Nxe5 20.fxe5 Nd5 21.Rh4 {#d} 1/2-1/2

[Event "It"]
[Site "Budapest (Hungary)"]
[Round "3"]
[White "Riegler Primoz (SLO)"]
[Black "Lorincz Istvan (HUN)"]
[Result "0-1"]
[WhiteElo "2285"]
[BlackElo "2370"]

1.e4 c6 2.d4 d5 3.Nd2 dxe4 4.Nxe4 Bf5 5.Ng3 Bg6 6.h4 h6 7.f4 e6 8.Nf3 Nd7 9.h5
Bh7 10.Bd3 Bxd3 11.Qxd3 Ngf6 12.Bd2 c5 13.O-O-O Qc7 14.Ne5 cxd4 15.Qxd4 Bc5
16.Qa4 Rd8 17.Nxd7 Qxd7 18.Qc4 Qd5 19.Qb5+ Qc6 20.Qe2 O-O 21.Kb1 Rd4 22.c3 Rd5
23.c4 Rd4 24.Bc3 Rxf4 25.Rdf1 Rxf1+ 26.Rxf1 Nh7 27.Ne4 Be7 28.b3 f5 29.Nd2 Bf6
30.Bxf6 Nxf6 31.Re1 Re8 32.Kb2 Qd6 33.Rd1 Qh2 {#R} 0-1

[Event "It (cat.2)"]
[Site "Budapest (Hungary)"]
[Round "7"]
[White "Aagaard Jacob (SCO)"]
[Black "Navarovszky Laszlo (HUN)"]
[Result "0-1"]
[WhiteElo "2255"]
[BlackElo "2295"]

1.e4 c6 2.d4 d5 3.Nc3 dxe4 4.Nxe4 Bf5 5.Ng3 Bg6 6.h4 h6 7.f4 e6 8.Nf3 Nd7 9.h5
Bh7 10.Bd3 Bxd3 11.Qxd3 Ngf6 12.Bd2 c5 13.O-O-O Qc7 14.dxc5 Bxc5 15.Ne5 Rd8
16.Qe2 O-O 17.Nd3 Bd6 18.Kb1 Nc5 19.Nxc5 Bxc5 20.Rdf1 Bd4 21.Bc1 Nd5 22.Rf3
Rfe8 23.Re1 Nf6 24.Ne4 Qc6 25.Nxf6+ Bxf6 26.Ref1 e5 27.fxe5 Rxe5 28.Qf2 Rxh5
29.g4 Rb5 30.Rb3 a6 31.a4 Rxb3 32.cxb3 Qe4+ 33.Ka2 Rc8 34.Re1 Qxg4 35.Rg1 Bd4
36.Qxf7+ Kxf7 37.Rxg4 Rxc1 38.Rxd4 Rc7 39.b4 g5 40.Rd6 Kg7 41.b5 axb5 42.axb5
Kh7 {#R} 0-1

[Event "Bayern Regionalliga Southeast 1994/95"]
[Site "Germany"]
[Round "0"]
[White "Eckerl Uwe"]
[Black "Graf Christian (GER)"]
[Result "1/2-1/2"]
[WhiteElo "2135"]
[BlackElo "2121"]

1.e4 c6 2.d4 d5 3.Nd2 dxe4 4.Nxe4 Bf5 5.Ng3 Bg6 6.h4 h6 7.f4 e6 8.Nf3 Nd7 9.h5
Bh7 10.Bd3 Bxd3 11.Qxd3 Ngf6 12.Bd2 Qc7 13.Ne5 c5 14.c3 Bd6 15.O-O O-O 16.Ne4
Nxe4 17.Qxe4 Nf6 18.Qf3 cxd4 19.cxd4 Qc2 20.Bc3 Qe4 21.Qxe4 Nxe4 22.Rf3 Nf6
23.Rh3 Rac8 24.Rf1 Nd5 25.f5 Bxe5 26.dxe5 Nxc3 27.bxc3 exf5 28.Rxf5 Rfe8
29.Rhf3 Re7 30.Kf2 Rc5 31.Rd3 Rec7 32.g4 Rxc3 33.Rd8+ Kh7 34.e6 Rc2+ 35.Ke3
{#d} 1/2-1/2

[Event "It (open)"]
[Site "Makati City (Philippines)"]
[Round "1"]
[White "Reefat Bin-Sattar (BAN)"]
[Black "Bolico Exfelicos (PHI)"]
[Result "1-0"]
[WhiteElo "2435"]
[BlackElo "2151"]

1.e4 c6 2.d4 d5 3.Nc3 dxe4 4.Nxe4 Bf5 5.Ng3 Bg6 6.h4 h6 7.f4 e6 8.h5 Bh7 9.Nf3
Nd7 10.Bd3 Bxd3 11.Qxd3 Ngf6 12.Bd2 Bd6 13.O-O-O Qc7 14.Ne5 c5 15.Nxd7 Qxd7
16.Ne4 Nxe4 17.Qxe4 Qa4 18.Kb1 Qxd4 19.Qxb7 Qd5 20.Qa6 Rd8 21.Ba5 {#r} 1-0

[Event "Ch USA (w)"]
[Site "Modesto (USA)"]
[Round "2"]
[White "Hahn Anna (USA)"]
[Black "Belakovskaia Anjelina (USA)"]
[Result "1/2-1/2"]
[WhiteElo "2165"]
[BlackElo "2345"]

1.e4 c6 2.d4 d5 3.Nc3 dxe4 4.Nxe4 Bf5 5.Ng3 Bg6 6.h4 h6 7.f4 e6 8.Nf3 Nf6 9.h5
Bh7 10.Bd3 Bxd3 11.Qxd3 c5 12.Bd2 Nc6 13.Ne2 Qb6 14.f5 Nxd4 15.Nfxd4 cxd4
16.fxe6 Qxe6 17.Qxd4 Be7 18.Qa4+ Nd7 19.Rh3 O-O 20.Re3 Qd6 21.O-O-O Nb6 {#d}
1/2-1/2

[Event "Ch Yugoslavia (w) (1/2 final)"]
[Site "Nis (Yugoslavia)"]
[Round "5"]
[White "Todorovic Violeta (SRB)"]
[Black "Mijic Slobodanka (SRB)"]
[Result "1-0"]
[WhiteElo "2152"]
[BlackElo "2028"]

1.e4 c6 2.d4 d5 3.Nd2 dxe4 4.Nxe4 Bf5 5.Ng3 Bg6 6.h4 h6 7.f4 e6 8.Nf3 Nd7
9.Bd3 Bxd3 10.Qxd3 Ngf6 11.Bd2 Qc7 12.Ne5 Nxe5 13.dxe5 Nd5 14.O-O-O O-O-O
15.Qe2 Qb6 16.a3 Be7 17.f5 Nc7 18.Qg4 Bc5 19.Ne4 Bd4 20.c3 Bxe5 21.Bf4 Bxf4+
22.Qxf4 Rxd1+ 23.Rxd1 exf5 24.Nd6+ Kb8 25.Nxf7 Rf8 26.Ne5 Kc8 27.Nd7 Qb3
28.Nxf8 Nd5 {#r} 1-0

[Event "Memorial M.Chigorin"]
[Site "St. Petersburg (Russia)"]
[Round "4"]
[White "Loskutov Oleg (RUS)"]
[Black "Burmakin Vladimir (RUS)"]
[Result "0-1"]
[WhiteElo "2390"]
[BlackElo "2500"]

1.e4 c6 2.d4 d5 3.Nc3 dxe4 4.Nxe4 Bf5 5.Ng3 Bg6 6.h4 h6 7.f4 e6 8.Nf3 Nd7 9.h5
Bh7 10.Bd3 Bxd3 11.Qxd3 Qc7 12.Bd2 O-O-O 13.Qe2 Ngf6 14.Ne5 Nb6 15.c3 c5
16.O-O Bd6 17.a4 Kb8 18.a5 Nc8 19.a6 Rhf8 20.axb7 Qxb7 21.Be3 cxd4 22.Bxd4 Bc7
23.Qc4 Rd6 24.Nd3 Bb6 25.Nc5 Qd5 26.Qb5 Qc6 27.Qb4 Rfd8 28.Kh1 Rd5 29.Na6+ Kb7
30.f5 Rxd4 31.cxd4 Rxd4 {#R} 0-1

[Event "Memorial M.Chigorin"]
[Site "St. Petersburg (Russia)"]
[Round "2"]
[White "Loskutov Oleg (RUS)"]
[Black "Guliev Sarhan (AZE)"]
[Result "1-0"]
[WhiteElo "2390"]
[BlackElo "2495"]

1.e4 c6 2.d4 d5 3.Nc3 dxe4 4.Nxe4 Bf5 5.Ng3 Bg6 6.h4 h6 7.f4 e6 8.Nf3 Nd7 9.h5
Bh7 10.Bd3 Bxd3 11.Qxd3 Ngf6 12.Bd2 Qb6 13.O-O-O Qb5 14.c4 Qa6 15.Kb1 O-O-O
16.Ne5 Nxe5 17.fxe5 Nd7 18.Qc3 Nb6 19.b3 c5 20.Be3 cxd4 21.Bxd4 Be7 22.Ne4 Nd7
23.Rhe1 Rhg8 24.Be3 f6 25.Nd6+ Bxd6 26.Rxd6 Qa3 27.c5 a5 28.c6 Nxe5 29.cxb7+
Kxb7 30.Rb6+ {#r} 1-0

[Event "Ch Czech Chess Union (juniors) (under 12)"]
[Site "Svetla nad Sazavou (Czech Republic)"]
[Round "0"]
[White "Strejc Vit (CZE)"]
[Black "Londyn Radek (CZE)"]
[Result "1/2-1/2"]
[WhiteElo "1635"]
[BlackElo "2373"]

1.e4 c6 2.d4 d5 3.Nc3 dxe4 4.Nxe4 Bf5 5.Ng3 Bg6 6.h4 h6 7.f4 e6 8.Nf3 Nd7
9.Bd3 Bxd3 10.Qxd3 Ngf6 11.Bd2 Qc7 12.O-O-O O-O-O 13.Ne5 Nxe5 14.fxe5 Ng4
15.Qf3 Rxd4 {#d} 1/2-1/2

[Event "Ch Czech Chess Union (juniors) (under 14)"]
[Site "Svetla nad Sazavou (Czech Republic)"]
[Round "0"]
[White "Strejc Josef (CZE)"]
[Black "Hajek Lukas (CZE)"]
[Result "0-1"]
[WhiteElo "2146"]
[BlackElo "2102"]

1.e4 c6 2.d4 d5 3.Nc3 dxe4 4.Nxe4 Bf5 5.Ng3 Bg6 6.h4 h6 7.f4 e6 8.Nf3 Nd7 9.h5
Bh7 10.Bd3 Bxd3 11.Qxd3 Qc7 12.Bd2 O-O-O 13.O-O-O Bd6 14.Ne5 Nxe5 15.dxe5 Bxe5
16.Qe3 Bd4 17.Qa3 Nf6 18.Be3 Qb6 19.Rxd4 Rxd4 20.Ne2 c5 21.Bxd4 cxd4 22.Rd1
Rd8 23.Nxd4 Nxh5 24.Qf3 Nf6 25.c3 Nd5 26.Qe4 Nf6 27.Qf3 Qc5 28.Qe2 Rd5 29.Qc2
Qc4 30.Kb1 Qc7 31.g3 g6 32.Qe2 Qc5 33.Qh2 h5 34.Qe2 Ng4 35.Qf3 Qd6 36.Kc2 a6
37.f5 gxf5 38.Nxf5 Rxf5 39.Qxg4 Rf2+ 40.Kc1 hxg4 41.Rxd6 Rf3 42.Kd1 Rxg3
43.Ke1 Kc7 44.Rd4 f5 45.Kf2 Rf3+ 46.Kg2 e5 47.Rd5 Re3 {#R} 0-1

[Event "It (open)"]
[Site "Toscolano (Italy)"]
[Round "0"]
[White "Coppini Giorgio (ITA)"]
[Black "Perovic Bozidar (CAN)"]
[Result "1-0"]
[WhiteElo "2179"]
[BlackElo "1993"]

1.e4 c6 2.d4 d5 3.Nc3 dxe4 4.Nxe4 Bf5 5.Ng3 Bg6 6.h4 h6 7.f4 e6 8.Nf3 Nd7 9.h5
Bh7 10.Bd3 Bxd3 11.Qxd3 Ngf6 12.Bd2 Qb6 13.Qb3 O-O-O 14.Qxb6 axb6 15.Ne5 Nxe5
16.fxe5 Nd5 17.O-O-O c5 18.c3 Nc7 19.Rh4 cxd4 20.cxd4 Nd5 21.Ne4 Be7 22.Rg4 f5
23.exf6 gxf6 24.Rg6 Rdg8 25.Rh1 f5 26.Nc3 Bg5 27.Bxg5 hxg5 28.Nxd5 exd5
29.Rxg8+ Rxg8 30.h6 g4 31.g3 Kc7 32.Kd2 Rh8 33.Ke3 Kd6 34.Kf4 Ke6 35.h7 Kf6
36.Rh6+ Kg7 37.Rxb6 Kxh7 38.Kxf5 Re8 39.Rxb7+ Kh6 40.Kxg4 Re4+ 41.Kf5 Rxd4
42.g4 {#r} 1-0

[Event "Staatsliga B 1996/97"]
[Site "Austria"]
[Round "1"]
[White "Neumeier Klaus (AUT)"]
[Black "Pingitzer Harald (AUT)"]
[Result "0-1"]
[WhiteElo "2280"]
[BlackElo "2270"]

1.e4 c6 2.d4 d5 3.Nd2 dxe4 4.Nxe4 Bf5 5.Ng3 Bg6 6.h4 h6 7.f4 Nd7 8.Nf3 e6 9.h5
Bh7 10.Bd3 Bxd3 11.Qxd3 Bd6 12.Bd2 Qc7 13.Ne5 Ngf6 14.O-O-O Rf8 15.Qe2 O-O-O
16.c4 c5 17.Bc3 cxd4 18.Rxd4 Nc5 19.b3 Nfd7 20.Rhd1 Bxe5 21.fxe5 f6 22.Rd6
Nxe5 23.Bxe5 fxe5 24.Qxe5 Rxd6 25.Qxd6 Qxd6 26.Rxd6 Rf4 27.Ne2 Rf1+ 28.Rd1 Rf2
29.Nc3 Rxg2 30.b4 Nd7 31.Rd6 Rg4 32.Rxe6 Rxc4 33.Kd2 Nf6 34.a3 Kd7 35.Re5 Rh4
36.Ra5 a6 37.Nd5 Nxh5 38.Nc3 Nf6 39.Kc2 Rh5 40.b5 axb5 41.Nxb5 Ne4 42.a4 Nd6
43.Ra7 Nxb5 44.Rxb7+ Nc7 {#R} 0-1

[Event "Ch France"]
[Site "Auxerre (France)"]
[Round "6"]
[White "Koch Jean-Rene (FRA)"]
[Black "Bricard Emmanuel (FRA)"]
[Result "1/2-1/2"]
[WhiteElo "2490"]
[BlackElo "2475"]

1.e4 c6 2.d4 d5 3.Nd2 dxe4 4.Nxe4 Bf5 5.Ng3 Bg6 6.h4 h6 7.f4 e6 8.Nf3 Nd7 9.h5
Bh7 10.Bd3 Bxd3 11.Qxd3 Bd6 12.Ne4 Ndf6 13.Bd2 Nxe4 14.Qxe4 Nf6 15.Qe2 Qc7
16.Ne5 c5 17.dxc5 Qxc5 18.O-O-O Bxe5 19.fxe5 Rc8 20.Bc3 Nd5 21.Bd4 Qa5 22.Kb1
Nb4 23.a3 Nc6 24.Bc3 Qc5 25.Rd6 b5 26.Rhd1 O-O 27.g4 a5 28.Bd4 Nxd4 29.R1xd4
b4 30.a4 Qa7 31.b3 Rc5 32.Rd7 Qb8 33.R4d6 Rc7 34.Qe3 Rfc8 35.Qd4 Rxd7 36.Rxd7
Qa8 37.Kb2 Qf3 38.Rd8+ Rxd8 39.Qxd8+ Kh7 40.Qd3+ Qxd3 41.cxd3 Kg8 42.Kc2 Kf8
43.Kd2 Ke7 44.Ke3 Kd7 45.Kd4 Kc6 46.Kc4 Kb6 47.Kd4 f6 48.Ke3 Kb7 49.d4 fxe5
50.dxe5 Kc6 {#d} 1/2-1/2

[Event "It (cat.8)"]
[Site "Budapest (Hungary)"]
[Round "2"]
[White "Fogarasi Tibor (HUN)"]
[Black "Turov Maxim (RUS)"]
[Result "0-1"]
[WhiteElo "2505"]
[BlackElo "2410"]

1.e4 c6 2.d4 d5 3.Nc3 dxe4 4.Nxe4 Bf5 5.Ng3 Bg6 6.h4 h6 7.f4 { ?! } 7...e6
8.Nf3 Nd7 9.h5 Bh7 10.Bd3 Bxd3 11.Qxd3 Ngf6 12.Bd2 Qc7 13.Ne5 c5 14.O-O-O Bd6
( 14...cxd4 { !? } 15.Qxd4 Bc5 ) 15.Rhe1 O-O 16.Kb1 Rfd8 { ? } 17.Ne4 Nxe4
18.Qxe4 Nf6 19.Qf3 cxd4 20.g4 Rac8 21.Rc1 Nd5 22.Nd3 ( 22.g5 Nc3+ 23.bxc3 dxc3
24.Be3 Qa5 25.Ka1 Ba3 26.Qe2 Qb4 27.Nd3 Rxd3 28.cxd3 c2 { ??+ } ) 22...Qc6 { !
} 23.Qf2 Nc3+ 24.Bxc3 ( 24.bxc3 dxc3 25.Be3 Ba3 26.Ka1 Bb2+ 27.Kb1 Qb5 { ??+ }
) 24...dxc3 25.b3 Bc5 { ? } 26.Qe2 Rd5 27.g5 Qa6 28.gxh6 gxh6 29.Qg2+ Kf8
30.Qe4 Qa3 31.Re2 Rc6 { ! } 32.Qa4 Qxa4 33.bxa4 Bd6 34.Ne5 Rb6+ 35.Ka1 Rb4 { }
{#R} 0-1

[Event "Memorial Elekes"]
[Site "Budapest (Hungary)"]
[Round "3"]
[White "McDonald Neil R (ENG)"]
[Black "Lorincz Istvan (HUN)"]
[Result "1-0"]
[WhiteElo "2500"]
[BlackElo "2370"]

1.e4 c6 2.d4 d5 3.Nd2 dxe4 4.Nxe4 Bf5 5.Ng3 Bg6 6.h4 h6 7.f4 e6 8.Nf3 Nd7 9.h5
Bh7 10.Bd3 Bxd3 11.Qxd3 Ngf6 12.Bd2 Qc7 13.O-O-O c5 14.dxc5 Bxc5 15.Ne4 O-O
16.Kb1 Rfd8 17.Nxf6+ Nxf6 18.Qe2 Rd5 19.c4 Rxh5 20.Nh4 Bd4 21.g4 Rc5 22.Nf3
Bxb2 23.Kxb2 Rxc4 24.Rc1 Qb6+ 25.Ka1 Rxc1+ 26.Bxc1 Nxg4 27.Rg1 Qf2 28.Qd3 Qc5
29.Bb2 h5 30.Rg2 Rc8 31.Ne5 Qe3 32.Qd1 Nxe5 33.fxe5 g6 34.Rd2 Kg7 35.Rd7 Qf2
36.Rd2 Qf4 37.Qe1 b5 38.Rf2 Qc4 39.Qd2 Qh4 40.Rxf7+ Kxf7 41.Qd7+ Qe7 42.Qxc8
g5 43.Bc1 Kg7 44.Qc3 h4 45.Qf3 a6 46.Qg4 Kg6 47.Bd2 a5 48.Kb1 b4 49.Kb2 a4
50.Be3 b3 51.axb3 axb3 52.Bd2 h3 53.Qxh3 Qf7 54.Qxb3 Qf5 55.Qe3 g4 56.Kc3 {#r}
1-0

[Event "Ch World (juniors) (under 12)"]
[Site "Cala Galdana (Spain)"]
[Round "9"]
[White "Stojanovski Dejan (MKD)"]
[Black "Lupulescu Constantin (ROM)"]
[Result "1/2-1/2"]
[WhiteElo "2427"]
[BlackElo "2025"]

1.e4 c6 2.d4 d5 3.Nc3 dxe4 4.Nxe4 Bf5 5.Ng3 Bg6 6.h4 h6 7.f4 e6 8.Nf3 Nd7
9.Bd3 Bxd3 10.Qxd3 Ngf6 11.Bd2 Qc7 12.Ne5 Nb6 13.O-O-O O-O-O 14.Ba5 Rd5
15.Bxb6 Qxb6 16.Qf3 c5 17.dxc5 Rxc5 18.Rd2 Bd6 19.Rhd1 Bxe5 20.fxe5 Rxe5
21.Ne2 Rc5 22.Nc3 Kb8 23.Qe2 {#d} 1/2-1/2

[Event "Ch NRW (juniors) (under 20)"]
[Site "Hiddenhausen (Germany)"]
[Round "0"]
[White "Meinhardt Maximilian (GER)"]
[Black "Lytchak Alexander (GER)"]
[Result "0-1"]
[WhiteElo "2391"]
[BlackElo "2295"]

1.e4 c6 2.d4 d5 3.Nd2 dxe4 4.Nxe4 Bf5 5.Ng3 Bg6 6.h4 h6 7.f4 e6 8.Nf3 Be7 9.h5
Bh7 10.Bd3 Bxd3 11.Qxd3 c5 12.f5 Bd6 13.Ne4 exf5 14.Nxd6+ Qxd6 15.Qxf5 Ne7
16.Qe4 Nc6 17.dxc5 Qxc5 18.Be3 Qf5 19.Qxf5 Nxf5 20.Bd2 O-O-O 21.Kf2 Ne5
22.Rhd1 Ng4+ 23.Kg1 Ng3 24.Re1 Rd5 25.Bf4 Nxh5 26.Bh2 f5 27.Re7 f4 28.Rae1 g5
29.c3 Rd3 30.Nd4 Ne3 31.g3 Nd5 32.R7e5 Nxc3 33.Rc5+ Kb8 34.Rxc3 Rxc3 35.bxc3
fxg3 36.Bxg3+ Nxg3 37.Re7 Nh5 38.Re6 Nf4 39.Re4 Rc8 40.Re3 Nd5 41.Rh3 Nxc3
42.Rxh6 Nxa2 43.Rg6 Nb4 44.Rxg5 Nc6 45.Nb5 a6 46.Nd6 Rd8 47.Nc4 Kc7 48.Rg7+
Rd7 49.Rxd7+ Kxd7 50.Kf1 b5 51.Nb2 Kd6 52.Ke1 Ne5 53.Kd1 Kc5 54.Kc2 Kb4 55.Nd1
a5 56.Kb2 Nc4+ 57.Ka2 a4 58.Nf2 Kc3 59.Ne4+ Kd4 60.Nf2 b4 61.Nd1 Kd3 62.Kb1
Ke2 {#R} 0-1

[Event "It (open)"]
[Site "Hlohovec (Slovakia)"]
[Round "4"]
[White "Malar Pavol (SVK)"]
[Black "Lehocky Viktor (SVK)"]
[Result "1-0"]
[WhiteElo "2102"]
[BlackElo "2066"]

1.e4 c6 2.d4 d5 3.Nc3 dxe4 4.Nxe4 Bf5 5.Ng3 Bg6 6.h4 h6 7.f4 Nf6 8.h5 Bh7
9.Nf3 e6 10.Bd3 Bxd3 11.Qxd3 Bd6 12.Ne5 Nbd7 13.Bd2 Bxe5 14.fxe5 Nd5 15.Ne4
O-O 16.O-O-O b6 17.g4 c5 18.g5 hxg5 19.Nxg5 {#r} 1-0

[Event "It (cat.7)"]
[Site "Moscow (Russia)"]
[Round "0"]
[White "Samoliuk Igor (RUS)"]
[Black "Guliev Sarhan (AZE)"]
[Result "1/2-1/2"]
[WhiteElo "2280"]
[BlackElo "2470"]

1.e4 c6 2.d4 d5 3.Nc3 dxe4 4.Nxe4 Bf5 5.Ng3 Bg6 6.h4 h6 7.f4 e6 8.Nf3 Nd7 9.h5
Bh7 10.Bd3 Bxd3 11.Qxd3 Ngf6 12.Bd2 c5 13.O-O-O Qc7 14.Ne5 cxd4 15.Qxd4 Rc8
16.Bc3 Nd5 17.Nxd7 Qxd7 18.Rhe1 Rxc3 19.bxc3 Ba3+ 20.Kd2 O-O 21.Ke2 Qc7 22.c4
Bc5 23.Qe5 Bd6 24.Qd4 Bc5 25.Qe5 Qxe5+ 26.fxe5 Nc3+ 27.Kf3 Nxd1 28.Rxd1 f6
29.Rd7 fxe5+ 30.Ke4 Rf4+ 31.Kxe5 Rxc4 32.Rxb7 Rxc2 33.Ne4 Bb6 34.g4 Rxa2
35.Kxe6 Be3 36.Nf6+ gxf6 37.Rb8+ Kg7 38.Rb7+ Kg8 39.Rb8+ {#d} 1/2-1/2

[Event "Ch Yugoslavia (1/2 final) (open)"]
[Site "Niska Banja (Yugoslavia)"]
[Round "1"]
[White "Pap Misa (SRB)"]
[Black "Todorovic Bojan (SRB)"]
[Result "0-1"]
[WhiteElo "2195"]
[BlackElo "2288"]

1.e4 c6 2.d4 d5 3.Nd2 dxe4 4.Nxe4 Bf5 5.Ng3 Bg6 6.h4 h6 7.f4 e6 8.Nf3 Nd7 9.h5
Bh7 10.Bd3 Bxd3 11.Qxd3 Qc7 12.Ne5 c5 13.O-O cxd4 14.Nxf7 Nc5 15.Qb5+ Kxf7
16.b4 Nd7 17.f5 e5 18.Qd5+ Ke8 19.Qe6+ Kd8 20.Bd2 Ngf6 21.Rac1 Rc8 22.Qb3 Bd6
23.c4 e4 24.Ne2 Be5 25.Nf4 Bxf4 26.Bxf4 Qc6 27.Qg3 Nxh5 28.Qh4+ Nhf6 29.Rfd1
d3 30.Qf2 b6 31.Qd4 Re8 32.Bd6 Re7 33.b5 Qb7 34.a4 Ke8 35.a5 Nc5 36.Qe3 Qd7
37.Bxe7 Kxe7 38.axb6 axb6 39.Ra1 Ng4 40.Qg3 Qd4+ 41.Kh1 Nf2+ 42.Kh2 Nxd1
43.Ra7+ Nd7 44.Qh4+ Kf8 45.Qg4 Ne3 46.Qg6 Qe5+ 47.Kg1 Qxf5 48.Qd6+ Kg8 49.Qg3
d2 {#R} 0-1

[Event "It (open)"]
[Site "Passau (Germany)"]
[Round "0"]
[White "Fogarasi Tibor (HUN)"]
[Black "Pitic Jasmin (SRB)"]
[Result "1-0"]
[WhiteElo "2505"]
[BlackElo "2118"]

1.e4 c6 2.d4 d5 3.Nc3 dxe4 4.Nxe4 Bf5 5.Ng3 Bg6 6.h4 h6 7.f4 e6 8.h5 Bh7 9.Nf3
Nf6 10.Bd3 Bxd3 11.Qxd3 Nbd7 12.Bd2 c5 13.O-O-O Qc7 14.Ne5 cxd4 15.Qxd4 Bc5
16.Qc4 O-O 17.Nxd7 Nxd7 18.Ne4 Rfd8 19.g4 Bb6 20.Qxc7 Bxc7 21.g5 hxg5 22.fxg5
Be5 23.g6 f6 24.h6 gxh6 25.Bxh6 b6 26.Rd3 Nc5 27.Nxc5 bxc5 28.Rhd1 Bc7 29.Rd7
Rxd7 30.Rxd7 Rc8 31.Rg7+ Kh8 32.Rf7 Bd6 33.Rxf6 Re8 34.Kd2 Kg8 35.b3 a6 36.Ke2
Be5 37.Rf7 a5 38.Ra7 Bc3 39.Kd3 Be1 40.Rg7+ Kh8 41.Rf7 Kg8 42.Rf1 Bh4 43.Kc4
Be7 44.g7 {#r} 1-0

[Event "Ch Germany (juniors) (under 13)"]
[Site "Pinneberg (Germany)"]
[Round "9"]
[White "Lange Corinna (GER)"]
[Black "Zesch Felix (GER)"]
[Result "1/2-1/2"]
[WhiteElo "2051"]
[BlackElo "2174"]

1.e4 c6 2.d4 d5 3.Nc3 dxe4 4.Nxe4 Bf5 5.Ng3 Bg6 6.h4 h6 7.f4 e6 8.Nf3 Nd7 9.h5
Bh7 10.Bd3 Bxd3 11.Qxd3 Bd6 12.Bd2 Ne7 13.O-O-O Qc7 14.Ne5 Bxe5 15.fxe5 O-O-O
16.Rhf1 f5 17.Qa3 Nb6 18.Bb4 Nc4 19.Qxa7 Nd5 20.Bd6 Nxd6 21.exd6 Qxd6 22.Qa8+
Kc7 23.Qa5+ Kd7 24.Qe1 Qe7 25.Qd2 Ra8 26.Kb1 Ra7 27.c3 f4 28.Ne4 Ne3 29.Nc5+
Kc8 30.Rfe1 Nxd1 31.Qxd1 Qf7 32.Rxe6 Qf5+ 33.Ka1 Qd5 34.a3 Rf8 35.Qg4 {#d}
1/2-1/2

[Event "It (open)"]
[Site "Policka (Czech Republic)"]
[Round "8"]
[White "Svihel Karel (CZE)"]
[Black "Stepanets Anatoli (UKR)"]
[Result "0-1"]
[WhiteElo "2042"]
[BlackElo "2120"]

1.e4 c6 2.d4 d5 3.Nc3 dxe4 4.Nxe4 Bf5 5.Ng3 Bg6 6.h4 h6 7.f4 e6 8.Nf3 Nd7 9.h5
Bh7 10.Bd3 Bxd3 11.Qxd3 Ngf6 12.Bd2 Qc7 13.Ne5 c5 14.O-O-O cxd4 15.Qxd4 Bc5
16.Qa4 O-O 17.Nxd7 Nxd7 18.Ne4 Rac8 19.Rhf1 Rfe8 20.Rf3 Nb6 21.Qb3 Qc6 22.Nxc5
Qxc5 23.Be3 Qxh5 24.Bxb6 axb6 25.Qxb6 Qh2 26.Qf2 Qh5 27.Rfd3 Qf5 28.Rd7 b5
29.R1d3 b4 30.Qd4 Qb5 31.b3 Ra8 32.Rg3 e5 33.fxe5 Rxe5 34.Rd8+ Rxd8 35.Qxd8+
Re8 36.Qd3 Qe5 37.Rg4 Qa1+ 38.Kd2 Re1 {#R} 0-1